00701nam a22001097a 4500040000800000082002700008100004200035245037800077260002600455300002300481856008700504 cRUA aAED SOR 2016 B650 Or.1 aSORN CHHORVORN ស៊ន ឆវ័ណ athe study on extension of biogas by cedac organization in khchas commune, sonikhom district, seam ream ការសិក្សារអំពីការផ្សព្វផ្សាយឡជីវឧស្ម័នរបស់អង្គការ CEDAC នៅឃុំខ្មាស់ ស្រុកសូទ្រនិគមន៍ ខេត្តសៀមរាម aRUAbPhnom penhc2016 aix;41pbill;c29cm uhttps://drive.google.com/file/d/1QJ7LISz-uNBcLxIDp0XqujYdrzHXh2wO/view?usp=sharing